Managerial Economics (Record no. 3305)

MARC details
000 -LEADER
fixed length control field 00341nam a22001577a 4500
005 - DATE AND TIME OF LATEST TRANSACTION
control field 20160620152408.0
008 - FIXED-LENGTH DATA ELEMENTS--GENERAL INFORMATION
fixed length control field 160620b xxu||||| |||| 00| 0 eng d
041 ## - LANGUAGE CODE
Language code of text/sound track or separate title eng
082 ## - DEWEY DECIMAL CLASSIFICATION NUMBER
Item number 8582
100 ## - MAIN ENTRY--AUTHOR NAME
Personal name Ahlawat,R.S
245 ## - TITLE STATEMENT
Title Managerial Economics
260 ## - PUBLICATION, DISTRIBUTION, ETC. (IMPRINT)
Name of publisher King's
300 ## - PHYSICAL DESCRIPTION
Number of Pages 375
650 ## - SUBJECT ADDED ENTRY--TOPICAL TERM
Topical Term Management
942 ## - ADDED ENTRY ELEMENTS (KOHA)
Koha item type Books
Holdings
Lost status Damaged status Home library Current library Date acquired Cost, normal purchase price Accession Number Koha item type
    JRU Library JRU Library 20/06/2016 100.00 8582 Books